000 00541nam a2200205Ia 4500
003 OSt
005 20230522150558.0
008 210423s2001 xx 000 0 und d
040 _cAL
041 _aeng
082 _a659.2
_223
_bRAYP
100 _aRAYUDU (C S);BALAN (K R)
_9110473
245 _aPrinciples of public relations
260 _aMumbai
_bHimalaya Publishing House
_c2001
300 _a172
_bPB
365 _b130
_cINR
650 _aPublic Relations
_9110474
906 _aPrinciples ; public ; relations
942 _2ddc
_cBK
999 _c172705
_d172705